|
|
|
|
| LEADER |
01894nam a22003137a 4500 |
| 001 |
34827 |
| 003 |
BD-DhAAL |
| 005 |
20250722162018.0 |
| 008 |
190728r20181956bg ||||| |||| 00| 1 ben d |
| 020 |
|
|
|a 9789848794807
|
| 040 |
|
|
|a BD-DhAAL
|c BD-DhAAL
|
| 041 |
|
|
|a ben
|
| 082 |
|
|
|a 891.44371
|2 23
|
| 100 |
|
|
|a আহমেদ, হুমায়ূন,
|d ১৯৪৮-২০১২,
|e author.
|9 33205
|
| 245 |
|
|
|a নিশীথিনী /
|c হুমায়ূন আহমেদ.
|
| 246 |
|
|
|a Nishithini
|
| 260 |
|
|
|a ঢাকা :
|b প্রতীক,
|c ১৯৮৬
|g (২০১৮ মুদ্রন)
|
| 300 |
|
|
|a ১০১ পৃষ্ঠা ;
|c ২২ সে.মি.
|
| 500 |
|
|
|a প্রথম প্রকাশ : ১৯৮৬
পঞ্চদশ মুদ্রণ : ২০১৮
|
| 526 |
|
|
|a Residential Campus
|
| 541 |
|
|
|a Development Book Agency ; Donated by Farhana Zahir, Assistant Professor, BRAC Business School
|e 34827, 34991, 44479
|
| 650 |
|
|
|a Bengali fiction.
|9 33207
|
| 650 |
|
|
|a Bengali literature.
|
| 852 |
|
|
|a Ayesha Abed Library
|c General Stacks
|
| 942 |
|
|
|2 ddc
|c BK
|
| 999 |
|
|
|c 40912
|d 40912
|
| 952 |
|
|
|0 0
|1 0
|2 ddc
|4 0
|6 891_443710000000000_AHM
|7 0
|9 65674
|a BRACUL
|b BRACUL
|c GEN
|d 2019-07-17
|e Development Book Agency
|g 158.00
|l 27
|m 97
|o 891.44371 AHM
|p 3010034991
|q 2026-06-02
|r 2026-04-08
|s 2026-04-08
|t 1
|v 158.00
|w 2019-07-17
|y BK
|
| 952 |
|
|
|0 0
|1 0
|2 ddc
|4 0
|6 891_443710000000000_AHM
|7 0
|9 65842
|a SCL
|b SCL
|c GEN
|d 2019-07-24
|e Development Book Agency
|g 158.00
|l 24
|m 25
|o 891.44371 AHM
|p 3020034827
|r 2025-08-31
|s 2025-08-19
|t 2
|v 158.00
|w 2019-07-24
|y BK
|
| 952 |
|
|
|0 0
|1 0
|2 ddc
|4 0
|6 891_443710000000000_AHM
|7 0
|9 77887
|a BRACUL
|b BRACUL
|c GEN
|d 2025-07-22
|e Donated by Farhana Zahir, Assistant Professor, BRAC Business School
|g 180.00
|l 13
|m 27
|o 891.44371 AHM
|p 3010044479
|q 2026-06-02
|r 2026-04-27
|s 2026-04-27
|t 3
|v 360.00
|w 2025-07-22
|y BK
|x Donated by Farhana Zahir, Assistant Professor, BRAC Business School
|